Missing Word: TV Shows with 'M' Quiz Stats

Quiz Updated Dec 15, 2014

Challenge
Share
Tweet
Embed
Score 0/20 Timer 02:00
3 Plays Today
Television Show Missing Word % Correct
How I ___ Your MotherMet
99.7%
America's ____ WantedMost
98.2%
Criminal _____Minds
98%
America's Next Top _____Model
98%
_______: ImpossibleMission
97.8%
Let's ____ a DealMake
97.2%
__ Three Sons My
94.5%
60 _______Minutes
90.2%
How It's ____Made
85.2%
Veronica _____Mars
82.1%
Television Show Missing Word % Correct
Dr. Quinn, ________ WomanMedicine
80.7%
______ FamilyModern & Mama's
79.4%
Family _______Matters
75.3%
______ EdMister
71%
My ______ the CarMother
53.3%
Barney ______Miller
51.8%
Sailor ____Moon
48.5%
_______ CenterMedical
38.4%
Bat _________Masterson
23.7%
_______ ManorMeerkat
8.3%

Today's Daily Dose

Missing Word
Jazz Songs 'C'

On This Day
January 18th

You're not logged in!

Compare scores with friends on all Sporcle quizzes.
Sign Up with Email
OR
Log In

You Might Also Like...

Show Comments

Extras

Top Quizzes Today


Score Distribution

Your Account Isn't Verified!

In order to create a playlist on Sporcle, you need to verify the email address you used during registration. Go to your Sporcle Settings to finish the process.